| 000 | 00836nam a2200253Ia 4500 | ||
|---|---|---|---|
| 003 | OSt | ||
| 005 | 20220923212653.0 | ||
| 006 | a|||||r|||| 00| 0 | ||
| 007 | ta | ||
| 008 | 220922b |||||||| |||| 00| 0 hin d | ||
| 024 | _a155,093 | ||
| 037 | _cTextual | ||
| 040 |
_aARTS _cARTS _bhin |
||
| 041 |
_2hin _ahin |
||
| 082 | _aO15,1D40:g, 152M7 (TTPS) | ||
| 100 |
_aभारद्वाज, एस0 पी0 _9160419 |
||
| 245 | 0 | _aकालिदास दर्शन | |
| 246 | _aKālidās darshana | ||
| 260 |
_aदिल्ली _b पल्लव प्रकाशन _c1987 |
||
| 300 |
_a468 पृ. _ccm. |
||
| 650 |
_aहिन्दी साहित्य _9156264 |
||
| 942 |
_hO15,1D40:g, 152M7 (TTPS) _cTEXL _2CC |
||
| 999 |
_c310665 _d310665 |
||